| 000 | 00489nam a22001697a 4500 | ||
|---|---|---|---|
| 999 |
_c41082 _d41082 |
||
| 003 | OSt | ||
| 005 | 20210308155634.0 | ||
| 008 | 210308b ||||| |||| 00| 0 eng d | ||
| 020 | _a9780141033570 | ||
| 040 | _coclc | ||
| 082 |
_a153.42 _bKAH/T |
||
| 100 |
_98519 _aKahneman, Daniel |
||
| 245 |
_aThinking Fast And Slow / _cDaniel Kahneman |
||
| 260 |
_aUnited Kingdom: _bPenguin Books, _c2011. |
||
| 300 | _a499p | ||
| 942 |
_2ddc _cBK _h153.42 _iKAH/T _k153.42 _mKAH/T |
||